000 00600nam a22001817a 4500
999 _c193085
_d193085
005 20221014161031.0
010 _aENG-135414
020 _a9788170438878
_c395.00
035 _aEN-118565
037 _bDBAD/PUB
082 _a883.914
100 _aRanjit Singh
245 _aBridge beside black berry:
_bsite of fierce battle during indo-pak war,1965/
_cby Ranjit Singh
260 _aDelhi
_bAtma Ram & Sons
_c2016
270 _a1376,Kashmere Gate,firs floor
_bDelhi
_e110006
_k01143573082
_matmarambooks@gmail.com
300 _a184p.
_c22cm(hbk)
942 _2ddc
_cEN
_mRAN
_h883.914